00927cam a22002897a 4500999001900000001000900019003000500028005001700033008004100050010001700091020001800108025002300126035002100149037006000170040001800230042001000248050003000258082001600288100001700304245003400321260007800355300002100433500001100454906004500465942001200510952011500522 c234085d23408511997391Nust20170313133435.0000201s1999 ii 000 1 eng  a 99947795  a9780140293203 aI-E-99-947795; 527 a(DLC) 99947795 bLibrary of Congress -- New Delhi Field OfficecRs250.00 aDLCcDLCdDLC alcode00aMLCS 2000/03761aPR9499.3 a823.92bNAI1 aNair, Anita.14aThe better man /cAnita Nair. aNew Delhi :bPenguin Books ;aNew York, NY :bPenguin Putnam Inc.,c1999. a361 p. ;c21 cm. aNovel. a7bcbccorigoded4encipf19gy-gencatlg 2ddccBK 00102ddc40708FICaCLbCLcFICd2017-03-13l5o823.92 NAIpCL138r2025-12-27s2025-10-07t1w2017-03-13yBK